Дело о службе состоявшего в ведомстве Театральной дирекции, уволенного по получению пенсиона сторожа Александринского театра, от...

Доступно только в Электронных читальных залах Найти на картеНа карте
RUSMARC
00003848nmc2a22000003x 450
00111cb7ee8-3514-4a87-b44a-d6ee0648a640
00520181228123648.0
100##$a20170703l18491850k l0rusy0189 ca
1010#$arus
102##$aRU
2001#$aДело о службе состоявшего в ведомстве Театральной дирекции, уволенного по получению пенсиона сторожа Александринского театра, отставного рядового Потапа Артамонова
$j26 августа 1849 г. - 15 апреля 1850 г.
251##$cДело
300##$aПо Санкт-Петербургской дирекции за 1849 год
300##$aДело
801#0$aRU
$bРГИА
$c20170703
$gRCR
801#1$aRU
$bГлавНИВЦ
$c20170703
$2rusmarc
801#2$aRU
$bПБ им. Б.Н. Ельцина
$c20181228
$gRCR
$2rusmarc
850##$aРГИА
852##$aРГИА
$eФедеральное казенное учреждение "Российский государственный исторический архив" (РГИА)
$j12016
937##$hРГИА
$d12245354
$aASBIBLIO_SCAN
462#0$1001dd3991dc-24e1-42ec-8838-ca4255420416
$12001
$aДирекция императорских театров (1746-1850 гг.)
$1251
$cОпись
$1852
$j1
461#0$10019264ebf8-de62-4f1a-9eb4-9f22098dbbd5
$12001
$aДирекция императорских театров Министерства императорского двора
$1251
$cФонд
$1852
$j497
215##$a15 л.
$d36,5х26 см
371##$aДокумент не является опубликованным и широко распространяемым
105##$ay###
1222#$ad
035##$a11cb7ee8-3514-4a87-b44a-d6ee0648a640
856##$uhttp://readingroom.main.prlib.ru/item.aspx?id_node=n122636926&mode=full
Формат отображения